000 00441nam a2200145Ia 4500
008 240729s9999 xx 000 0 und d
022 _a2717-0071
245 0 _aJournal of Shahrekord University of Medical Sciences
260 _aIran, Islamic Republic of
260 _bShahrekord University of Medical Sciences
650 _aMedicine
856 _uhttps://doaj.org/toc/cb3e27d88fe340b19b6d3327bc0f6f41
942 _2ddc
942 _cDOAJEJ
999 _c69616
_d69616
945 _a1
_bMadushi Gamage
_c1
_dMadushi Gamage